| 000 | 00542cam a2200205ua 4500 | ||
|---|---|---|---|
| 020 | _a0 07 099009 3 | ||
| 041 |
_aeng _h |
||
| 082 |
_a515.63 _bSPI/TH |
||
| 100 | _aSpiegel, Murray R . | ||
| 245 |
_aTheory and problems of Vector analysis / _cMurray R Spiegel. _hTextual Documents |
||
| 250 |
_a1 / _b. |
||
| 260 |
_aNew York : _bMcGraw Hill Book Company , _c1959. |
||
| 300 | _a225 ; . | ||
| 500 | _a18349,18348, 18350 CSS | ||
| 504 | _a | ||
| 942 | _cBK | ||
| 999 |
_c10700 _d10700 |
||